000 00283nam a22001097a 4500
008 260422b |||||||| |||| 00| 0 eng d
100 _aShukla, Hiralal
245 _aModern Sanskrit Litrerature
260 _aDelhi
_bNew Bharatiya Book Corporation
_c2020
300 _a308p
942 _2ddc
999 _c1264
_d1264